Summary of the Report on condition of woman and child wage earners in the United States. (Record no. 35518)
[ view plain ]
| 000 -LEADER | |
|---|---|
| fixed length control field | 01380cam a22003011 4500 |
| 001 - CONTROL NUMBER | |
| control field | l 16000014 |
| 003 - CONTROL NUMBER IDENTIFIER | |
| control field | DLC |
| 005 - DATE AND TIME OF LATEST TRANSACTION | |
| control field | 20260227111526.0 |
| 008 - FIXED-LENGTH DATA ELEMENTS--GENERAL INFORMATION | |
| fixed length control field | 791031s1916 dcu f001 0 eng c |
| 010 ## - LIBRARY OF CONGRESS CONTROL NUMBER | |
| LC control number | l 16000014 |
| 035 ## - SYSTEM CONTROL NUMBER | |
| System control number | (OCoLC)5630762 |
| 040 ## - CATALOGING SOURCE | |
| Original cataloging agency | U.S. Dept. of Labor Libr. |
| Transcribing agency | NGenoU |
| Modifying agency | DLC |
| 043 ## - GEOGRAPHIC AREA CODE | |
| Geographic area code | n-us--- |
| 050 00 - LIBRARY OF CONGRESS CALL NUMBER | |
| Classification number | HD8051 |
| Item number | .A62 no. 175 |
| 110 1# - MAIN ENTRY--CORPORATE NAME | |
| Corporate name or jurisdiction name as entry element | United States. |
| Subordinate unit | Bureau of Labor Statistics. |
| 245 10 - TITLE STATEMENT | |
| Title | Summary of the Report on condition of woman and child wage earners in the United States. |
| Statement of responsibility, etc. | December, 1915. |
| 260 ## - PUBLICATION, DISTRIBUTION, ETC. | |
| Place of publication, distribution, etc. | Washington, |
| Name of publisher, distributor, etc. | Govt. Print. Off., |
| Date of publication, distribution, etc. | 1916. |
| 300 ## - PHYSICAL DESCRIPTION | |
| Extent | 445 p. |
| Dimensions | 24 cm. |
| 490 0# - SERIES STATEMENT | |
| Series statement | Bulletin, whole |
| Volume/sequential designation | no. 175. Women in industry series, no. 5 |
| 500 ## - GENERAL NOTE | |
| General note | At head of title: U.S. Department of Labor. Bureau of Labor Statistics. Royal Meeker, commissioner. |
| 500 ## - GENERAL NOTE | |
| General note | The report, issued in 19 volumes, 1910-13, was prepared under the direction of Chas. P. Neill, commissioner of labor. |
| 500 ## - GENERAL NOTE | |
| General note | Issued also as House doc. 1708, U.S., 63d Cong., 3d sess. |
| 650 #0 - SUBJECT ADDED ENTRY--TOPICAL TERM | |
| Topical term or geographic name entry element | Women |
| General subdivision | Employment |
| Geographic subdivision | United States. |
| 650 #0 - SUBJECT ADDED ENTRY--TOPICAL TERM | |
| Topical term or geographic name entry element | Child labor |
| Geographic subdivision | United States. |
| 710 1# - ADDED ENTRY--CORPORATE NAME | |
| Corporate name or jurisdiction name as entry element | United States. |
| Subordinate unit | Bureau of Labor. |
| Title of a work | Report on condition of woman and child wage earners in the United States. |
| 700 1# - ADDED ENTRY--PERSONAL NAME | |
| Personal name | Neill, Charles Patrick, |
| Dates associated with a name | 1865-1942. |
| 740 0# - ADDED ENTRY--UNCONTROLLED RELATED/ANALYTICAL TITLE | |
| Uncontrolled related/analytical title | Report on condition of woman and child wage earners in the United States. |
No items available.